Comprehensive textbook of midwifery & gynaecological nursing (Record no. 92595)
[ view plain ]
| 000 -LEADER | |
|---|---|
| fixed length control field | 00462nam a22001577a 4500 |
| 008 - FIXED-LENGTH DATA ELEMENTS--GENERAL INFORMATION | |
| fixed length control field | 200205b xxu||||| |||| 00| 0 eng d |
| 020 ## - INTERNATIONAL STANDARD BOOK NUMBER | |
| International Standard Book Number | 9789937710404 |
| 082 ## - DEWEY DECIMAL CLASSIFICATION NUMBER | |
| Classification number | 610.73/A14c |
| 100 ## - MAIN ENTRY--PERSONAL NAME | |
| Personal name | Awasthi, Mamata Sherpa |
| 245 ## - TITLE STATEMENT | |
| Title | Comprehensive textbook of midwifery & gynaecological nursing |
| Remainder of title | Part-II |
| 260 ## - PUBLICATION, DISTRIBUTION, ETC. | |
| Place of publication, distribution, etc. | Kathmandu: |
| Name of publisher, distributor, etc. | Samiksha Publication, |
| Date of publication, distribution, etc. | 2019 A.D. |
| 300 ## - PHYSICAL DESCRIPTION | |
| Extent | 400p.;ill. |
| 650 ## - SUBJECT ADDED ENTRY--TOPICAL TERM | |
| Topical term or geographic name entry element | Nursing |
| 650 ## - SUBJECT ADDED ENTRY--TOPICAL TERM | |
| Topical term or geographic name entry element | Practical nurses |
| 942 ## - ADDED ENTRY ELEMENTS (KOHA) | |
| Source of classification or shelving scheme | Dewey Decimal Classification |
| Koha item type | ISBN |
| Withdrawn status | Lost status | Source of classification or shelving scheme | Damaged status | Not for loan | Home library | Current library | Date acquired | Total Checkouts | Full call number | Barcode | Date last seen | Price effective from | Koha item type |
|---|---|---|---|---|---|---|---|---|---|---|---|---|---|
| Dewey Decimal Classification | Tribhuvan University Central Library | Tribhuvan University Central Library | 02/05/2020 | 610.73/A14c | IS17223 | 02/05/2020 | 02/05/2020 | ISBN | |||||
| Dewey Decimal Classification | Tribhuvan University Central Library | Tribhuvan University Central Library | 02/05/2020 | 610.73/A14c | IS17224 | 02/05/2020 | 02/05/2020 | ISBN |
